[Event "Tournoi Skype 024B"]
[Site "Skype"]
[Date "????.??.??"]
[Round "2.20"]
[White "Torres, Vicky"]
[Black "Perez, Luis-Horacio"]
[Result "0-1"]
[WhiteElo "1333"]
[BlackElo "1000"]
[PlyCount "61"]

1. Nf3 e6 2. d4 d5 3. Bf4 Nf6 4. e3 a6 5. Bd3 Be7 6. a3 Nbd7 7. h3 c5 8. c4
Qa5+ 9. Nbd2 dxc4 10. Bxc4 b5 11. Bd3 c4 12. b4 cxb3 13. Qxb3 Bb7 14. O-O O-O
15. Bh2 Bd5 16. Qd1 Bxf3 17. Nxf3 Nd5 18. Qc2 N7f6 19. Ne5 Qb6 20. Nc6 Rfe8 21.
Nxe7+ Nxe7 22. Be5 Rac8 23. Qb1 Ned5 24. Rc1 Rxc1+ 25. Qxc1 Qb7 26. Be2 Qe7 27.
Bf3 g6 28. Qc6 Rd8 29. Qxa6 Nc3 30. Bd6 Rxd6 31. Rc1 0-1

[Event "Tournoi Skype 024B"]
[Site "Skype"]
[Date "????.??.??"]
[Round "2.21"]
[White "Vincent, Andre"]
[Black "Sanchez, Pedro"]
[Result "1-0"]
[WhiteElo "1330"]
[BlackElo "1000"]
[PlyCount "47"]

1. e4 Nf6 2. Nc3 e5 3. Nf3 Bb4 4. Bd3 d5 5. Nxe5 Bg4 6. Nxg4 dxe4 7. Nxe4 Qe7
8. O-O O-O 9. Ngxf6+ gxf6 10. Qg4+ Kh8 11. Qf5 Rg8 12. Nxf6 Rg6 13. Nd5 Qg5 14.
Qxg5 Rxg5 15. Nxb4 Nc6 16. Nxc6 bxc6 17. b3 Rag8 18. Bb2+ R8g7 19. Bxg7+ Kxg7
20. Rae1 h5 21. f4 Rg4 22. Be2 Rh4 23. g3 Rh3 24. Kg2 1-0

[Event "Tournoi Skype 024B"]
[Site "Skype"]
[Date "????.??.??"]
[Round "2.22"]
[White "Tiberio, Pedro"]
[Black "Castellar, Juarez Iorio"]
[Result "1-0"]
[WhiteElo "1000"]
[BlackElo "1324"]
[PlyCount "113"]

1. e4 g6 2. d4 Bg7 3. Nf3 d6 4. Bc4 e6 5. Nc3 a6 6. a4 Ne7 7. O-O O-O 8. Bg5
Nd7 9. Qd2 Re8 10. Bd3 c5 11. d5 exd5 12. exd5 Nf6 13. h3 Nf5 14. Rfe1 h6 15.
Bxf5 Bxf5 16. Rxe8+ Qxe8 17. Re1 Qd7 18. Bxh6 Re8 19. Bxg7 Kxg7 20. b3 Rxe1+
21. Nxe1 Qe7 22. Qe2 Qxe2 23. Nxe2 Nxd5 24. g4 Bd7 25. Nd3 b5 26. a5 b4 27. Nb2
Bb5 28. Ng3 Ne7 29. Ne4 Nc8 30. f4 Bc6 31. Nd2 Na7 32. Kf2 Kf6 33. Ke3 Ke6 34.
h4 d5 35. h5 d4+ 36. Kf2 gxh5 37. gxh5 Kf6 38. Kg3 Kg7 39. Nd3 Bb5 40. Nxc5 Nc6
41. Nf3 Kh6 42. Kh4 f6 43. Ne4 Be2 44. Ne1 Bxh5 45. Nxf6 Bf7 46. Nd3 Kg7 47.
Kg5 Kf8 48. Nc5 Nxa5 49. Nxa6 Be6 50. Nxb4 Ke7 51. f5 Bf7 52. Ng4 Nb7 53. Ne5
Nd6 54. Nbc6+ Ke8 55. Nxf7 Nxf7+ 56. Kf6 Nd6 57. Nxd4 1-0

[Event "Tournoi Skype 024B"]
[Site "Skype"]
[Date "????.??.??"]
[Round "2.23"]
[White "Pezzolato, Erica"]
[Black "Khatanhar, Mohit"]
[Result "1-0"]
[WhiteElo "1000"]
[BlackElo "1299"]
[PlyCount "43"]

1. Nf3 Nc6 2. g3 e5 3. d3 d6 4. Bg2 Be7 5. O-O Nf6 6. c4 O-O 7. Nc3 h6 8. Bd2
Be6 9. Qc2 Qd7 10. a3 Nh7 11. b4 a6 12. b5 axb5 13. Nxb5 f5 14. e3 Rf7 15. d4
Nxd4 16. Nfxd4 exd4 17. Nxd4 c6 18. Nxe6 Qxe6 19. Rfb1 Rb8 20. Bxc6 d5 21. Bxd5
Qxd5 22. cxd5 1-0

[Event "Tournoi Skype 024B"]
[Site "Skype"]
[Date "????.??.??"]
[Round "2.24"]
[White "Kumbhar, Ashok"]
[Black "Bankhede, Shivkumar"]
[Result "1/2-1/2"]
[WhiteElo "1000"]
[BlackElo "1274"]
[PlyCount "111"]

1. d4 d5 2. c4 c6 3. Nf3 Nf6 4. Nc3 e6 5. e3 Bb4 6. Be2 Ne4 7. Qc2 O-O 8. O-O
Nd7 9. cxd5 cxd5 10. Nxe4 dxe4 11. Qxe4 Nf6 12. Qc2 Re8 13. a3 Bd6 14. Bc4 Qc7
15. h3 b5 16. Bd3 a6 17. Re1 Qxc2 18. Bxc2 h6 19. e4 Bc7 20. Bd2 Bb7 21. Re3
Rac8 22. e5 Nd5 23. Rb3 Red8 24. Rc1 Nb6 25. Rd1 Bxf3 26. Rxf3 Rxd4 27. Ba5
Rxd1+ 28. Bxd1 Nc4 29. Bxc7 Rxc7 30. Bb3 Nd2 31. Rd3 Rc1+ 32. Kh2 Nf1+ 33. Kg1
Ne3+ 34. Kh2 Nf5 35. Rd8+ Kh7 36. Rd7 Kg6 37. g4 Rb1 38. gxf5+ exf5 39. Bxf7+
Kg5 40. e6 Kf6 41. Bg8 Rxb2 42. Ra7 Rxf2+ 43. Kg3 Re2 44. Rxa6 g5 45. Rb6 h5
46. Rxb5 Re3+ 47. Kh2 h4 48. a4 g4 49. hxg4 fxg4 50. Rb7 Re2+ 51. Kg1 h3 52.
Rf7+ Kg5 53. Rf2 Re1+ 54. Rf1 Re2 55. Rf2 Re1+ 56. Rf1 1/2-1/2

[Event "Tournoi Skype 024B"]
[Site "Skype"]
[Date "????.??.??"]
[Round "2.25"]
[White "Teles, Jeferson Lisboa"]
[Black "Borg, Anthony"]
[Result "1-0"]
[WhiteElo "1554"]
[BlackElo "1363"]
[PlyCount "33"]

1. e4 e5 2. Nf3 Nc6 3. Bc4 Nf6 4. Ng5 h6 5. Nxf7 Qe7 6. Nxh8 Nxe4 7. O-O Nd6 8.
d3 b6 9. Qh5+ Kd8 10. Nf7+ Nxf7 11. Bxf7 Bb7 12. Nc3 Qc5 13. Be3 Qa5 14. a3 Ne7
15. b4 Qa6 16. Bc4 b5 17. Qf7 1-0

[Event "Tournoi Skype 024B"]
[Site "Skype"]
[Date "????.??.??"]
[Round "2.26"]
[White "Singh, Gatak"]
[Black "Kruzeniski, Randy"]
[Result "0-1"]
[WhiteElo "1079"]
[BlackElo "1435"]
[PlyCount "72"]

1. e4 c5 2. d4 cxd4 3. Qxd4 Nc6 4. Qc3 e5 5. Nf3 d6 6. Bb5 Bd7 7. Bg5 Nf6 8.
Bxc6 Bxc6 9. O-O Bxe4 10. Nfd2 Bg6 11. Nc4 Be7 12. Qb3 b6 13. Qf3 O-O 14. Bxf6
Bxf6 15. Qc6 Be7 16. Rd1 Rc8 17. Qd5 Rc5 18. Qb7 Rxc4 19. Qxa7 Rxc2 20. b4 Qc7
21. Qxc7 Rxc7 22. Na3 Bc2 23. Rdc1 Rfc8 24. Kf1 Bd3+ 25. Ke1 Rxc1+ 26. Rxc1
Rxc1+ 27. Kd2 Ra1 28. Kxd3 Rxa2 29. Nc4 Rxf2 30. Nxb6 Rxg2 31. Nd5 Rxh2 32.
Nxe7+ Kf8 33. b5 Kxe7 34. Kc4 Kd8 35. b6 Kc8 36. Kb5 Kb7 0-1

[Event "Tournoi Skype 024B"]
[Site "Skype"]
[Date "????.??.??"]
[Round "2.27"]
[White "Berbedes, Jorgelina"]
[Black "Gerbaux, Regis"]
[Result "0-1"]
[WhiteElo "1068"]
[BlackElo "1331"]
[PlyCount "42"]

1. d4 d5 2. Bf4 e6 3. Nf3 Nd7 4. e3 b6 5. Bd3 c5 6. c3 Ngf6 7. Nbd2 cxd4 8.
cxd4 Be7 9. O-O O-O 10. Re1 Nh5 11. Qc2 g6 12. Rab1 Nxf4 13. exf4 Bb7 14. Ne5
Rc8 15. Qd1 Nxe5 16. fxe5 f6 17. Nf3 fxe5 18. Nxe5 Qe8 19. Re3 Bh4 20. a3 Bxf2+
21. Kh1 Bxe3 0-1

[Event "Tournoi Skype 024B"]
[Site "Skype"]
[Date "????.??.??"]
[Round "2.28"]
[White "Silva, Givson"]
[Black "Ozyuksel, Gulcan"]
[Result "1-0"]
[WhiteElo "1320"]
[BlackElo "1042"]
[PlyCount "98"]

1. e4 e5 2. Nf3 Nc6 3. d4 d6 4. d5 Nd4 5. Nxd4 exd4 6. Qxd4 Nf6 7. Bg5 c6 8.
Bd3 c5 9. Qe3 Be7 10. h3 h6 11. Bf4 Qb6 12. Qc1 Nh5 13. Bh2 Bg5 14. f4 Bh4+ 15.
g3 Bf6 16. g4 Bxb2 17. Qd1 Bxa1 18. gxh5 Bd4 19. f5 Bd7 20. Bg1 O-O-O 21. Bxd4
cxd4 22. Rg1 Rhe8 23. Rxg7 Bxf5 24. Nd2 Qa5 25. Kf2 Bxh3 26. Nb3 Qxa2 27. Nxd4
Bd7 28. Nb5 Bxb5 29. Bxb5 Rxe4 30. Rxf7 Kb8 31. Bd3 Qxd5 32. Rxb7+ Qxb7 33.
Bxe4 Rf8+ 34. Bf3 Qb6+ 35. Kg3 Rg8+ 36. Bg4 Kc7 37. Qf3 Qg1+ 38. Kh4 Qh2+ 39.
Bh3 Qe5 40. Qf7+ Kc6 41. Qxg8 Qe1+ 42. Qg3 Qe7+ 43. Kg4 Qg5+ 44. Kf3 Qxh5+ 45.
Kg2 Qd5+ 46. Qf3 Qxf3+ 47. Kxf3 a5 48. Ke4 Kc5 49. Kd3 Kb4 1-0

[Event "Tournoi Skype 024B"]
[Site "Skype"]
[Date "????.??.??"]
[Round "2.29"]
[White "Mimouni, Driss"]
[Black "Moumtaz, Abderrahim"]
[Result "1-0"]
[WhiteElo "1058"]
[BlackElo "1292"]
[PlyCount "181"]

1. e4 e5 2. c4 Nf6 3. d3 Bc5 4. Be3 Qe7 5. Bxc5 Qxc5 6. Nc3 O-O 7. Nf3 Ng4 8.
Qd2 Nc6 9. Nd5 Qd6 10. h3 Nf6 11. Be2 Nxd5 12. cxd5 Nd4 13. Nxd4 exd4 14. O-O
Qe7 15. Qf4 d6 16. Rac1 Rd8 17. Rc4 Qe5 18. Qxe5 dxe5 19. Bh5 g6 20. Bf3 Rd7
21. Bg4 Re7 22. Bxc8 Rxc8 23. f4 f6 24. d6 Rd7 25. dxc7 Rdxc7 26. Rxc7 Rxc7 27.
fxe5 fxe5 28. h4 Rc2 29. b4 Rxa2 30. b5 Rb2 31. Rc1 Rxb5 32. Rc8+ Kg7 33. Rc7+
Kh6 34. g4 a5 35. g5+ Kh5 36. Rxh7+ Kg4 37. h5 Kg3 38. Rf7 Rb1+ 39. Rf1 Rb6 40.
Rf2 gxh5 41. Rg2+ Kh4 42. g6 Rxg6 43. Rxg6 a4 44. Re6 a3 45. Rxe5 a2 46. Ra5
Kg3 47. Rxa2 h4 48. Rg2+ Kf3 49. e5 h3 50. Rg5 Kf4 51. Rh5 Kg4 52. Rh6 Kf5 53.
e6 Kg5 54. Rh7 Kg6 55. Rxh3 Kf6 56. Rh6+ Ke7 57. Rh7+ Kxe6 58. Rxb7 Kd6 59. Rb8
Kc7 60. Rb4 Kd6 61. Rxd4+ Ke5 62. Re4+ Kd5 63. Re8 Kd6 64. Rd8+ Ke7 65. Rc8 Kd7
66. Rc4 Kd6 67. Rd4+ Kc5 68. Re4 Kd5 69. Rf4 Ke5 70. Re4+ Kd5 71. Re8 Kd6 72.
d4 Kd7 73. Re5 Kd6 74. Re8 Kd7 75. Rf8 Kd6 76. Rd8+ Ke7 77. Rd5 Ke6 78. Re5+
Kd6 79. Rg5 Ke6 80. Kf2 Kd6 81. Ke3 Ke6 82. Ke4 Kd6 83. d5 Kd7 84. Rg6 Ke7 85.
Re6+ Kd7 86. Ke5 Kd8 87. d6 Kd7 88. Re7+ Kd8 89. Ke6 Kc8 90. d7+ Kd8 91. Re8+
1-0

[Event "Tournoi Skype 024B"]
[Site "Skype"]
[Date "????.??.??"]
[Round "2.30"]
[White "Schnell, Nicolas"]
[Black "Battaglia, Gabriele"]
[Result "0-1"]
[WhiteElo "1015"]
[BlackElo "1282"]
[PlyCount "72"]

1. e4 c5 2. Nc3 g6 3. g4 d6 4. Bb5+ Bd7 5. Bc4 Bg7 6. g5 e6 7. Qg4 Nc6 8. Nf3
Nge7 9. Nb5 Bc8 10. O-O Nb4 11. Bb3 d5 12. e5 c4 13. Nd6+ Kf8 14. Qf4 Nf5 15.
Nxf5 exf5 16. Ba4 Qc7 17. Re1 Bd7 18. Nd4 Bxa4 19. e6 Qxf4 20. e7+ Ke8 21. d3
Bxd4 22. Bxf4 Nxc2 23. Rad1 Nxe1 24. Rxe1 cxd3 25. Bd6 d2 26. Re2 d1=Q+ 27. Kg2
Qxe2 28. Bg3 Bb5 29. Kh3 Kxe7 30. b3 Bxf2 31. a4 Qf1+ 32. Kh4 Bxg3+ 33. hxg3
Be2 34. g4 Bxg4 35. Kg3 Qf3+ 36. Kh4 Qh3# 0-1

[Event "Tournoi Skype 024B"]
[Site "Skype"]
[Date "????.??.??"]
[Round "2.31"]
[White "Hargez, Dany"]
[Black "Tekes, Gamze"]
[Result "1-0"]
[WhiteElo "1277"]
[BlackElo "1010"]
[PlyCount "41"]

1. e4 e5 2. Nf3 Nf6 3. Nc3 Bb4 4. Nxe5 d6 5. Nd3 Ba5 6. Be2 O-O 7. O-O Be6 8.
Nf4 Nc6 9. d4 h6 10. d5 Re8 11. dxc6 bxc6 12. Bf3 Bb6 13. e5 Nh7 14. Bxc6 Qg5
15. Bxa8 Rxa8 16. Nxe6 fxe6 17. Bxg5 hxg5 18. exd6 cxd6 19. Qxd6 Bd8 20. h4 Nf6
21. Qxe6+ 1-0

[Event "Tournoi Skype 024B"]
[Site "Skype"]
[Date "????.??.??"]
[Round "2.32"]
[White "Hernandez Lopez, Joaquin"]
[Black "Barrionuevo, Hilario"]
[Result "1/2-1/2"]
[WhiteElo "1270"]
[BlackElo "1000"]
[PlyCount "77"]

1. e4 e5 2. Nf3 Nc6 3. c3 Nf6 4. Bc4 h6 5. d4 exd4 6. Nxd4 Bd6 7. Nd2 Bc5 8.
N2f3 d5 9. e5 Ne4 10. Be3 dxc4 11. Qe2 Be6 12. O-O-O Bxd4 13. Bxd4 b6 14. Qxe4
Qd7 15. Bxb6 axb6 16. Rxd7 Bxd7 17. Re1 O-O 18. Qxc4 Rfe8 19. Nd4 Nxd4 20. cxd4
Be6 21. d5 Bd7 22. e6 b5 23. Qxc7 Rac8 24. d6 Rxc7+ 25. dxc7 fxe6 26. Kd2 Bc8
27. Ke3 Re7 28. Rc1 Rf7 29. g3 h5 30. h4 g6 31. f4 Re7 32. Rc5 b4 33. Kd4 Rd7+
34. Ke5 Kf8 35. Kf6 Rf7+ 36. Kxg6 Rg7+ 37. Kf6 Rf7+ 38. Kg6 Rg7+ 39. Kf6
1/2-1/2

[Event "Tournoi Skype 024B"]
[Site "Skype"]
[Date "????.??.??"]
[Round "2.33"]
[White "Borkar, Sagar"]
[Black "Maccaferri, Massimo"]
[Result "1-0"]
[WhiteElo "1000"]
[BlackElo "1248"]
[PlyCount "23"]

1. e4 e5 2. Nf3 Nc6 3. Nc3 Nd4 4. Nxe5 Qg5 5. Nf3 Qg6 6. Nxd4 d5 7. exd5 Bb4 8.
Bb5+ c6 9. Nxc6 Qxg2 10. Nxb4+ Ke7 11. Qe2+ Kf8 12. Qe8# 1-0

[Event "Tournoi Skype 024B"]
[Site "Skype"]
[Date "????.??.??"]
[Round "2.34"]
[White "Bustos, Ricardo"]
[Black "Chavez, Isidro"]
[Result "0-1"]
[WhiteElo "1232"]
[BlackElo "1000"]
[PlyCount "61"]

1. d4 d5 2. c4 Be6 3. cxd5 Bxd5 4. Nc3 c6 5. e4 Be6 6. Nf3 Bg4 7. Qd3 e6 8. Ne5
Bh5 9. Be2 Bxe2 10. Qxe2 Qxd4 11. Be3 Qxe5 12. f4 Qa5 13. Bd2 Bb4 14. Qd3 Bxc3
15. Bxc3 Qb5 16. Qd4 f6 17. a4 Qh5 18. Rd1 Ne7 19. Qd8+ Kf7 20. Qxh8 e5 21.
fxe5 Qh4+ 22. Kd2 Qxe4 23. e6+ Qxe6 24. Rhe1 Qc8 25. Qxh7 Nd7 26. Bxf6 Nxf6 27.
Rxe7+ Kxe7 28. Qxg7+ Ke6 29. Re1+ Kf5 30. g4+ Nxg4 31. Qf6+ 0-1

[Event "Tournoi Skype 024B"]
[Site "Skype"]
[Date "????.??.??"]
[Round "2.35"]
[White "Canova, Felix"]
[Black "Lecluyse, Koenraad"]
[Result "0-1"]
[WhiteElo "1000"]
[BlackElo "1227"]
[PlyCount "68"]

1. e4 e6 2. d4 d5 3. Bd3 Nc6 4. Bb5 Bd7 5. Nc3 a6 6. Ba4 Bb4 7. a3 Bxc3+ 8.
bxc3 Nge7 9. Bg5 dxe4 10. Nf3 exf3 11. c4 fxg2 12. Rg1 h6 13. Bf4 O-O 14. Rxg2
b5 15. Bb3 bxc4 16. Bxc4 Na5 17. Qg4 g6 18. Bxh6 Re8 19. Bd3 Bc6 20. Rg3 Qd5
21. Be4 Qc4 22. c3 Rab8 23. Bg5 Bb5 24. a4 Qf1+ 25. Kd2 Qxf2+ 26. Kd1 Qf1+ 27.
Kc2 Qxa1 28. axb5 Rxb5 29. Bf4 Qb1+ 30. Kd2 Qxe4 31. Re3 Nc4+ 32. Ke2 Nxe3 33.
Qh4 Rb2+ 34. Ke1 Qh1# 0-1

[Event "Tournoi Skype 024B"]
[Site "Skype"]
[Date "????.??.??"]
[Round "2.36"]
[White "Prasad, Sanjay"]
[Black "Conde, Carmen"]
[Result "1-0"]
[WhiteElo "1219"]
[BlackElo "1000"]
[PlyCount "55"]

1. c4 c6 2. Nf3 g6 3. Nc3 Bg7 4. d4 e6 5. e3 Ne7 6. Be2 Nf5 7. e4 Nh4 8. Nxh4
Qxh4 9. e5 Na6 10. a3 O-O 11. Bf3 c5 12. dxc5 Nxc5 13. Qd6 Qxc4 14. Be2 Qb3 15.
Qxc5 b6 16. Qc4 Qc2 17. Bd3 b5 18. Qxb5 a6 19. Qc4 Qxd3 20. Qxd3 Bxe5 21. Bh6
Rd8 22. Qe4 f6 23. Qxa8 Kf7 24. Ne4 f5 25. Ng5+ Ke7 26. Rc1 Bxb2 27. Rxc8 Bc3+
28. Kd1 1-0

[Event "Tournoi Skype 024B"]
[Site "Skype"]
[Date "????.??.??"]
[Round "2.37"]
[White "Gagnon, Sindy"]
[Black "Ruiz Gomez, Luz Alba"]
[Result "0-1"]
[WhiteElo "1000"]
[BlackElo "1218"]
[PlyCount "46"]

1. e4 e5 2. Nc3 Nf6 3. Nf3 Nc6 4. d4 exd4 5. Nxd4 Bc5 6. Nf5 O-O 7. Bd3 d6 8.
Qe2 Re8 9. O-O Bxf5 10. exf5 Rxe2 11. Bxe2 Nd4 12. Bc4 Nxf5 13. Re1 Nd4 14. f3
Nxc2+ 15. Kh1 Nxe1 16. g4 Qe7 17. f4 Nf3 18. Kg2 Nh4+ 19. Kg3 Qe1+ 20. Kh3 Bd4
21. Nb5 d5 22. Bb3 Bf2 23. g5 Qf1# 0-1

[Event "Tournoi Skype 024B"]
[Site "Skype"]
[Date "????.??.??"]
[Round "2.38"]
[White "Vervoort, Jean-Louis"]
[Black "Latterra, Jeremias"]
[Result "1-0"]
[WhiteElo "1217"]
[BlackElo "1000"]
[PlyCount "37"]

1. d4 d5 2. c4 c6 3. Nc3 Nf6 4. Nf3 Bg4 5. Ne5 Nbd7 6. Nxg4 Nxg4 7. e3 Ngf6 8.
Bd3 e5 9. O-O c5 10. Bc2 exd4 11. exd4 cxd4 12. Qxd4 Bc5 13. Re1+ Be7 14. Bg5
O-O 15. Re2 Qb6 16. Nb5 Rae8 17. Qd3 a6 18. Bxf6 Bxf6 19. Qxh7# 1-0

[Event "Tournoi Skype 024B"]
[Site "Skype"]
[Date "????.??.??"]
[Round "2.40"]
[White "Farfallini, Michel"]
[Black "Marty, Yvette"]
[Result "1-0"]
[WhiteElo "1185"]
[BlackElo "1000"]
[PlyCount "59"]

1. d4 d5 2. Nf3 Nf6 3. Bf4 g6 4. c4 dxc4 5. Qa4+ Nbd7 6. Qxc4 e6 7. e3 Bg7 8.
Nc3 O-O 9. Nb5 c6 10. Nc7 Rb8 11. Nxe6 fxe6 12. Qxe6+ Kh8 13. Ng5 h6 14. Nf7+
Kh7 15. Nxd8 Rxd8 16. Be5 Nf8 17. Qb3 N6d7 18. Bxg7 Kxg7 19. Bc4 Nf6 20. O-O
Re8 21. Qd3 h5 22. Rfe1 Kh6 23. e4 Nxe4 24. Rxe4 b5 25. Rxe8 Rb7 26. Rxf8 bxc4
27. Qe3+ Kg7 28. Rxc8 Rxb2 29. Rc7+ Kh8 30. Qe8# 1-0

[Event "Tournoi Skype 024B"]
[Site "Skype"]
[Date "????.??.??"]
[Round "2.41"]
[White "Homme, Jim"]
[Black "Ramirez, Luis Antonio"]
[Result "0-1"]
[WhiteElo "1184"]
[BlackElo "1000"]
[PlyCount "80"]

1. d4 d5 2. Nf3 Nf6 3. Bf4 c5 4. c3 Nc6 5. e3 Bg4 6. Be2 e6 7. Nbd2 cxd4 8.
cxd4 Bd6 9. Bxd6 Qxd6 10. O-O Bxf3 11. Bxf3 O-O 12. Qc2 e5 13. Nb3 e4 14. Be2
Qe6 15. Nc5 Qf5 16. Nxb7 Rac8 17. Nd6 Nxd4 18. exd4 Rxc2 19. Nxf5 Rxe2 20. Rab1
Re8 21. Rfe1 Rc2 22. Nd6 Re6 23. Nf5 g6 24. Ng3 Rc4 25. Ne2 Ng4 26. Rec1 e3 27.
fxe3 Rxe3 28. Rxc4 dxc4 29. Kf1 Nxh2+ 30. Ke1 Re4 31. Rd1 Rg4 32. g3 Nf3+ 33.
Kf2 Ng5 34. Rc1 h5 35. Rxc4 Rh4 36. Rc8+ Kg7 37. Rc7 a5 38. Ra7 Rh3 39. Rxa5
Ne4+ 40. Ke1 Rh1+ 0-1

[Event "Tournoi Skype 024B"]
[Site "Skype"]
[Date "????.??.??"]
[Round "2.42"]
[White "Rosenkoetter, David"]
[Black "Cengiz, Ali Ekber"]
[Result "1-0"]
[WhiteElo "1000"]
[BlackElo "1176"]
[PlyCount "59"]

1. e4 e5 2. Nf3 d6 3. Bc4 h6 4. c3 Nf6 5. d3 c6 6. h3 Be7 7. Na3 O-O 8. O-O
Nbd7 9. Nc2 Nb6 10. Bb3 Qc7 11. Qe2 a6 12. a4 a5 13. Nd2 d5 14. exd5 cxd5 15.
Re1 Bd6 16. Ne3 Bd7 17. c4 d4 18. Nd5 Nfxd5 19. cxd5 Rfe8 20. Ne4 Bb4 21. Nf6+
gxf6 22. Bxh6 Bf8 23. Bxf8 Kxf8 24. Qh5 Ke7 25. d6+ Kxd6 26. Qxf7 Be6 27. Qxf6
Qf7 28. Qxe5+ Kc6 29. Rac1+ Kd7 30. Qc7# 1-0

[Event "Tournoi Skype 024B"]
[Site "Skype"]
[Date "????.??.??"]
[Round "2.43"]
[White "Yilmazer, Seher"]
[Black "Tembhurnekar, Ritu"]
[Result "1-0"]
[WhiteElo "1173"]
[BlackElo "1000"]
[PlyCount "51"]

1. e4 e5 2. Nf3 Nc6 3. Bb5 Na5 4. O-O c6 5. Be2 d6 6. b4 Nf6 7. bxa5 Nxe4 8. d3
Nc5 9. Bd2 Be7 10. Na3 O-O 11. Nc4 Nd7 12. a4 Qc7 13. h3 d5 14. Ne3 Bd6 15. Nf5
e4 16. Nxd6 Qxd6 17. Nd4 Nf6 18. Be3 Qc7 19. Qd2 b6 20. Bf4 Qb7 21. Be5 Nd7 22.
Bd6 Re8 23. dxe4 Rxe4 24. a6 Rxd4 25. axb7 Rxd2 26. bxa8=Q 1-0

[Event "Tournoi Skype 024B"]
[Site "Skype"]
[Date "????.??.??"]
[Round "2.44"]
[White "Schuh, David"]
[Black "Alverson, Ginny"]
[Result "1-0"]
[WhiteElo "1000"]
[BlackElo "1168"]
[PlyCount "52"]

1. e4 c5 2. c4 Nc6 3. Nf3 Nf6 4. d3 d6 5. g3 Bg4 6. Be3 Nxe4 7. dxe4 e5 8. Nbd2
Qf6 9. Bg2 O-O-O 10. O-O Nb4 11. Qa4 Kb8 12. h3 Bxf3 13. Nxf3 Nd3 14. Rad1 Nxb2
15. Qb3 Nxd1 16. Rxd1 b6 17. g4 d5 18. cxd5 Be7 19. Bg5 Qg6 20. Re1 Bxg5 21.
Nxg5 Qxg5 22. Qg3 h5 23. h4 hxg4 24. hxg5 Rde8 25. Qxg4 g6 26. Re3 f5 1-0

[Event "Tournoi Skype 024B"]
[Site "Skype"]
[Date "????.??.??"]
[Round "2.45"]
[White "Codina, Teresa"]
[Black "Uribe, Tata"]
[Result "1-0"]
[WhiteElo "1159"]
[BlackElo "1000"]
[PlyCount "41"]

1. e4 e5 2. Nf3 Nc6 3. Bb5 a6 4. Ba4 Bb4 5. c3 Bc5 6. O-O Nf6 7. d3 O-O 8. Bg5
Nh5 9. Bxd8 Rxd8 10. b4 Nf6 11. bxc5 b6 12. cxb6 cxb6 13. Bb3 a5 14. Ng5 h6 15.
Nxf7 Rf8 16. Nxh6+ Kh8 17. Nf5 Ba6 18. Qf3 b5 19. Qh3+ Nh7 20. Qg3 a4 21. Qxg7#
1-0

[Event "Tournoi Skype 024B"]
[Site "Skype"]
[Date "????.??.??"]
[Round "3.1"]
[White "Harmelle, Dominique"]
[Black "Franca, Diego"]
[Result "1/2-1/2"]
[WhiteElo "1551"]
[BlackElo "1359"]
[PlyCount "76"]

1. d4 Nf6 2. Bf4 d5 3. e3 g6 4. Nd2 Bg7 5. c3 O-O 6. Ngf3 Re8 7. Bd3 c5 8. O-O
Nc6 9. Re1 c4 10. Bc2 Nh5 11. Ne5 Nxe5 12. Bxe5 f6 13. Bf4 e5 14. dxe5 fxe5 15.
Bg3 Nxg3 16. hxg3 Qb6 17. b3 cxb3 18. Nxb3 Be6 19. Rb1 Qc6 20. Qd2 e4 21. Nd4
Qa6 22. a4 b6 23. Nb5 Qa5 24. Red1 Rac8 25. Qe2 Qa6 26. Qd2 Red8 27. Nd4 Bg4
28. Rdc1 Qc4 29. Bb3 Qd3 30. Qa2 Rc5 31. Qb2 Bxd4 32. cxd4 Rxc1+ 33. Rxc1 Be6
34. Qa2 Kg7 35. Rc7+ Rd7 36. Rxd7+ Bxd7 37. Bxd5 Qd1+ 38. Kh2 Qh5+ 1/2-1/2

[Event "Tournoi Skype 024B"]
[Site "Skype"]
[Date "????.??.??"]
[Round "3.2"]
[White "Legueltel, Daniel"]
[Black "Khabou, Taha"]
[Result "1-0"]
[WhiteElo "1544"]
[BlackElo "1344"]
[PlyCount "95"]

1. d4 e6 2. c4 Nf6 3. Bg5 h6 4. Bh4 d5 5. e3 c6 6. Nc3 Bd6 7. Bd3 dxc4 8. Bxc4
Qc7 9. Rc1 Nbd7 10. Nf3 O-O 11. O-O Ng4 12. Bg3 e5 13. h3 e4 14. Bxd6 Qxd6 15.
Nxe4 Nxe3 16. Nxd6 Nxd1 17. Rcxd1 Nf6 18. Nxc8 Raxc8 19. Rfe1 Ne8 20. Re7 Nd6
21. Bb3 Rce8 22. Rde1 a5 23. Rxe8 Rxe8 24. Rxe8+ Nxe8 25. Ne5 Nd6 26. Nd3 Kf8
27. Nc5 Ke7 28. Kf1 f5 29. Ke2 b5 30. Bc2 g6 31. a4 g5 32. axb5 cxb5 33. Bd3 h5
34. Kf3 h4 35. g3 hxg3 36. fxg3 Kf6 37. h4 gxh4 38. gxh4 Kg6 39. Kf4 Kf6 40. h5
b4 41. Nd7+ Ke7 42. Ne5 Ke6 43. Nc4 Nxc4 44. Bxc4+ Kf6 45. Bd3 a4 46. Bxf5 a3
47. bxa3 bxa3 48. Bb1 1-0

[Event "Tournoi Skype 024B"]
[Site "Skype"]
[Date "????.??.??"]
[Round "3.3"]
[White "Navghane, Rahul"]
[Black "Vincent, Andre"]
[Result "1-0"]
[WhiteElo "1482"]
[BlackElo "1330"]
[PlyCount "73"]

1. e4 c5 2. Nc3 e6 3. Nf3 Nc6 4. d4 cxd4 5. Nxd4 g6 6. Nxc6 bxc6 7. Bc4 Bg7 8.
O-O Ne7 9. Qd6 O-O 10. Bg5 f6 11. Be3 Re8 12. Rfd1 Bf8 13. Bxe6+ Kg7 14. Bxd7
Bxd7 15. Qxd7 Qxd7 16. Rxd7 Red8 17. Rxd8 Rxd8 18. Bxa7 Nc8 19. Be3 Kf7 20. a4
Ke6 21. a5 Bb4 22. a6 Rd7 23. a7 Nxa7 24. Rxa7 Rxa7 25. Bxa7 Bxc3 26. bxc3 f5
27. exf5+ Kxf5 28. f3 h5 29. g3 g5 30. Kf2 g4 31. f4 Ke4 32. c4 Kf5 33. Ke3 Ke6
34. Ke4 Kf6 35. Bd4+ Ke6 36. f5+ Kf7 37. Ke5 1-0

[Event "Tournoi Skype 024B"]
[Site "Skype"]
[Date "????.??.??"]
[Round "3.4"]
[White "Martin, Jean-Claude"]
[Black "Singh, Suryapratap"]
[Result "0-1"]
[WhiteElo "1471"]
[BlackElo "1177"]
[PlyCount "68"]

1. d4 d5 2. c4 e6 3. Nc3 Nf6 4. Bg5 Be7 5. e3 O-O 6. Nf3 Nbd7 7. Rc1 c6 8. cxd5
exd5 9. Bd3 h6 10. Bh4 Re8 11. O-O Bd6 12. Re1 Qc7 13. Bxf6 Nxf6 14. h3 Qd8 15.
Qc2 Bd7 16. e4 dxe4 17. Nxe4 Nxe4 18. Rxe4 Qa5 19. a3 Qd5 20. Rxe8+ Rxe8 21.
Bc4 Qf5 22. Qxf5 Bxf5 23. Re1 Kf8 24. Rxe8+ Kxe8 25. Ne5 f6 26. Nf7 Bf4 27. a4
b5 28. axb5 cxb5 29. Bd5 Ke7 30. g3 Bc1 31. b3 Bxh3 32. Kh2 Bd7 33. Nh8 Be8 34.
Ng6+ Bxg6 0-1

[Event "Tournoi Skype 024B"]
[Site "Skype"]
[Date "????.??.??"]
[Round "3.6"]
[White "Scata, Laura"]
[Black "Couto, Januario"]
[Result "0-1"]
[WhiteElo "1304"]
[BlackElo "1441"]
[PlyCount "74"]

1. d4 f5 2. Nf3 Nf6 3. Bf4 g6 4. e3 Bg7 5. h3 d6 6. Nbd2 a6 7. Bd3 Nbd7 8. c3
c5 9. Rc1 b5 10. e4 fxe4 11. Nxe4 Bb7 12. Nxf6+ Nxf6 13. O-O O-O 14. Re1 Re8
15. c4 b4 16. d5 Bc8 17. Bc2 Nh5 18. Qd2 Bxb2 19. Rb1 Bc3 20. Qe3 Bxe1 21. Rxe1
Nxf4 22. Qxf4 e5 23. dxe6 Rxe6 24. Be4 Rf6 25. Qxf6 Qxf6 26. Bxa8 Be6 27. Bb7
a5 28. Nd2 Qc3 29. Rxe6 Qxd2 30. Rxd6 Qxd6 31. Bd5+ Kg7 32. g4 g5 33. Kg2 h6
34. f3 Kf6 35. Kf2 Qh2+ 36. Ke3 Qxa2 37. f4 Qa3+ 0-1

[Event "Tournoi Skype 024B"]
[Site "Skype"]
[Date "????.??.??"]
[Round "3.7"]
[White "Amato, Ludovica"]
[Black "Cayo, Ana Carolina"]
[Result "1/2-1/2"]
[WhiteElo "1289"]
[BlackElo "1424"]
[PlyCount "52"]

1. e4 c6 2. d4 d5 3. Nc3 dxe4 4. Nxe4 Bf5 5. Ng3 Bg6 6. N1e2 h6 7. Nf4 Bh7 8.
Bc4 e6 9. O-O Nf6 10. Re1 Nd5 11. Nxd5 cxd5 12. Bb3 Nd7 13. Bxd5 Nf6 14. Bxb7
Rb8 15. Bc6+ Nd7 16. Bxd7+ Qxd7 17. b3 Be7 18. Qe2 O-O 19. Bf4 Rbc8 20. Qe3 g5
21. Be5 f6 22. Bxf6 Rxf6 23. Re2 Re8 24. Rae1 Bd8 25. Ne4 Bxe4 26. Qxe4 Ref8
1/2-1/2

[Event "Tournoi Skype 024B"]
[Site "Skype"]
[Date "????.??.??"]
[Round "3.8"]
[White "Milanese, Serge"]
[Black "Mishra, Sourabh"]
[Result "0-1"]
[WhiteElo "1411"]
[BlackElo "1000"]
[PlyCount "62"]

1. e4 e5 2. Nf3 Nc6 3. Bc4 Nf6 4. Nc3 a6 5. Nd5 d6 6. d3 b5 7. Bb3 Bb7 8. O-O
Na5 9. Nxf6+ Qxf6 10. c3 h6 11. Bc2 Be7 12. b4 Nc6 13. d4 exd4 14. cxd4 Nxb4
15. Re1 O-O 16. a3 Nc6 17. Bd2 Nxd4 18. Nxd4 Qxd4 19. Bf4 Qxd1 20. Raxd1 Rfe8
21. e5 dxe5 22. Bxe5 Bxa3 23. Bxc7 Rxe1+ 24. Rxe1 Rc8 25. Ra1 Rxc7 26. Rxa3
Rxc2 27. Kf1 Rc1+ 28. Ke2 Bxg2 29. Rxa6 Rh1 30. Rb6 g6 31. Rxb5 Bf1+ 0-1